| 000 | 005310000a22001930004500 | ||
|---|---|---|---|
| 001 | 003492 | ||
| 003 | MACL | ||
| 005 | 20150728161842.0 | ||
| 008 | 150728b xxu||||| |||| 00| 0 eng d | ||
| 040 |
_aMACL _cMACL |
||
| 041 | _aEnglish | ||
| 082 | _a331.125 | ||
| 100 |
_aInatitute of Applied manpower Research, _92933 |
||
| 245 |
_aReforms and Employment _cInatitute of Applied manpower Research |
||
| 260 |
_aNew Delhi _c2002 _bConcept Publishing company, |
||
| 350 | _a750 | ||
| 650 |
_aEconomics _92934 |
||
| 942 |
_k331 _cBK _2ddc |
||
| 999 |
_c15392 _d15392 |
||